| 000 | 01474cam a2200421 4500 | ||
|---|---|---|---|
| 999 |
_c23107 _d23107 |
||
| 001 | vtls011861888 | ||
| 005 | 20220131080710.0 | ||
| 008 | 210624s2019 xo gr 010 fdslo | ||
| 020 |
_a9788055166018 _q(viazané) |
||
| 035 | _aC01AF233-8530-4164-B88A-AD73B5751017 | ||
| 035 | _aurn:nbn:sk:snk-am3id9d | ||
| 035 | _aurn:nbn:sk:snk-am00e45x | ||
| 040 |
_aSNK _bslo _cSNK _erda |
||
| 041 | 1 |
_aslo _heng |
|
| 044 |
_axo _cSK |
||
| 072 | 7 |
_a821.111(73)-3 _xAmerická próza _2konspekt |
|
| 080 |
_a821.111(73)-31 _22011 |
||
| 080 |
_a(0:82-312.5) _22011 |
||
| 100 | 1 |
_aCenter, Katherine _4aut _92610 |
|
| 240 | 1 | 0 |
_aHow to Walk Away _lSlovensky |
| 245 | 1 | 0 |
_aAko odísť _cKatherie Centerová ; preložila Miriam Ghaniová |
| 246 | 1 |
_iObálkový podnázov: _aKeď sa vám zrúti život, dokážete začať odznova? |
|
| 264 | 1 |
_aBratislava _bIkar, a.s. _c2019 |
|
| 300 |
_a326 strán _c21 cm |
||
| 336 |
_atext _btxt _2rdacontent |
||
| 337 |
_abez média _bn _2rdamedia |
||
| 338 |
_azväzok _bnc _2rdacarrier |
||
| 500 | _aPreložené z angličtiny | ||
| 500 | _aObsahuje biografické údaje o autorke na prebale publikácie | ||
| 655 | 7 |
_aamerické romány _2SNKPH _92 |
|
| 655 | 7 |
_aľúbostné romány _2SNKPH _913 |
|
| 655 | 7 |
_aAmerican novels _2SNKPHeng _91670 |
|
| 655 | 7 |
_aLove novels _2SNKPHeng _91667 |
|
| 700 | 1 |
_aGhaniová, Miriam _c(prekladateľka) _4trl _96 |
|
| 958 | _aLX | ||
| 958 | _aUP | ||